000 00482nam a2200169 i 4500
001 138016
003 ES-MaACL
005 20230906195504.0
007 t|
008 070214s1957 sp r ||||1| cat d
100 1 _aSànchez-Juan, Sebastià.
_9150503
245 1 0 _aPrismes
_b: antologia poètica : 1924-1931 /
_cSebastià Sánchez Juan.
250 _aNova ed.
260 _aBarcelona :
_bMiralla,
_c1957.
300 _a181 p. ;
_c17 cm.
852 _aES-MaACL
_jC-18099
_bR.41184
999 _c138016
_d138016